Nombres de 0 a 50 en 20 secondes - Statistiques

Statistiques générales
  • Ce quiz a été pris 802 fois
  • Le résultat moyen est 31 sur 51
Statistiques - réponses
Nombre1 % Correct
0
100%
1
95%
2
92%
3
92%
4
90%
5
89%
6
88%
7
87%
8
87%
9
87%
10
83%
11
83%
12
82%
13
80%
14
80%
15
79%
16
79%
17
76%
18
75%
19
74%
20
70%
21
68%
22
66%
23
64%
24
64%
25
63%
26
63%
27
62%
28
62%
29
60%
30
57%
31
56%
32
54%
33
50%
34
45%
35
45%
36
44%
37
41%
38
39%
39
38%
40
35%
41
32%
42
31%
43
29%
44
26%
45
23%
46
22%
47
19%
48
14%
49
14%
50
12%
Aucun quiz correspondant
Distribution des résultats
% des personnes avec chaque résultat
Percentile par nombre de réponses
Votre historique - résultats
Vous n’avez pas pris ce quiz